Bulletin of the International Bureau of the American Republics.

Bibliographic Details
Corporate Authors: Bureau of the American Republics (Washington, D.C.), ProQuest (Firm)
Format: Government Document eBook
Language:English
Published: Washington : [publisher not identified], 1910.
Series:United States congressional serial set.
Subjects:
Online Access:Connect to the full text of this electronic book

MARC

Tag First Indicator Second Indicator Subfields
LEADER 00000cam a22000001a 4500
001 in00002807621
005 20190331181120.0
006 m o d
007 cr bn mmmapmmp
008 091228s1910 dcuabd o f000 0 eng d
035 |a cis2004331602 
040 |a UMI  |c UMI  |d UtOrBLW 
043 |a n-us--- 
086 0 |a AR 1.6:v30/4-6 
099 |a ProQuest Serial Set Number 5807 H.doc.163 
110 2 |a Bureau of the American Republics (Washington, D.C.) 
245 1 0 |a Bulletin of the International Bureau of the American Republics. 
246 1 |a American Republics Bureau bulletin, vol. 30, nos. 4-6, April-June 1910 
264 1 |a Washington :  |b [publisher not identified],  |c 1910. 
300 |a 1 online resource. 
336 |a text  |b txt  |2 rdacontent 
337 |a computer  |b c  |2 rdamedia 
338 |a online resource  |b cr  |2 rdacarrier 
490 0 |a H.doc.163 
500 |a Record is based on bibliographic data in ProQuest U.S. Serial Set Digital Collection (last viewed Dec. 2009). Reuse except for individual research requires license from ProQuest, LLC. 
510 3 |a ProQuest U.S. Serial Set Digital Collection 
500 |a Electronic resource. 
650 0 |a Agriculture. 
650 0 |a Architecture. 
650 0 |a Business. 
655 7 |a Electronic books.  |2 local 
710 2 |a ProQuest (Firm) 
830 0 |a United States congressional serial set. 
856 4 0 |u http://proxy.library.tamu.edu/login?url=http://congressional.proquest.com/congcomp/getdoc?SERIAL-SET-ID=5807+H.doc.163  |z Connect to the full text of this electronic book  |t 0 
999 |a MARS 
999 f f |s e85be4c0-94ff-308c-989e-815a094f6926  |i f157ea61-4d1b-36d2-ad7c-8b1d5afc569d  |t 0 
952 f f |a Texas A&M University  |b College Station  |c Electronic Resources  |d Available Online  |t 0  |e ProQuest Serial Set Number 5807 H.doc.163  |h Other scheme 
998 f f |a ProQuest Serial Set Number 5807 H.doc.163  |t 0  |l Available Online